000 00562nam a2200181 a 4500
001 BRCA_6179
005 20190320205348.0
008 110711s1940----fr-#######---#000-0#spa-#
050 4 _aPQ7797
_b.L28 G6
_c[1940]
100 1 _aLarreta, Enrique R.
_d1875-1961
_915559
245 1 0 _aLa gloria de don Ramiro
_buna vida en tiempos de Felipe II
_cEnrique R. Larreta.
260 _aParís
_bGarnier hermanos
_c[1940]
300 _a406 p.
_c19 cm.
500 _aK62
651 4 _aEspaña
_vFicción
_xHistoria
_yFelipe II, 1556-1598
_915560
902 _aGFM
942 _2lcc
_cB
999 _c5866
_d5866